000 00560nam a2200217Ia 4500
003 OSt
005 20220918174030.0
006 a|||||r|||| 00| 0
007 ta
008 220917b |||||||| |||| 00| 0 eng d
024 _a9,952
037 _cTextual
040 _aARTS
_cARTS
_beng
041 _2eng
_aeng
082 _aQ11:21:g, L4
245 0 _aExposition of the vedas tr into English by Vidyanand
260 _aAjmer
_bVedasamsthan
_c1974
650 _aRELIGION
942 _hQ11:21:g, L4
_cTEXL
_2CC
999 _c151451
_d151451